zpět

Detail výsledku týmu

Pivovar Prokopák, Praha

Datum a čas kvízu

20.5 Celkem bodů Celkový počet nahraných bodů na tomto kvízu bez doplňovacích otázek.
10. Pořadí na kvízu Konečné umístění týmu na tomto kvízu.

Zaznamenané odpovědi

# Otázka Odpověď Body Výsledky
1. V maratonu sněmovních debat o... Karel Havlíček 1
2. Poblíž které metropole došlo v... poblíž Sydney 1
3. Jistý populární komediální ser... Mr. Bean 0
4. Jeden rakouský řetězec se spo... Hervis 1
5. Už dvakrát odložená série hoke... v Praze 1
6. Začneme v Africe. Jak se dnes... Zimbabwe 0
7. Na černém kontinentu ještě chv... Horní Volta, Burkina Faso 0
8. Thajsko je jedinou zemí jihový... Siam, Město Andělů 0
9. Zřejmě víte, že na území dnešn... Robinson Crusoe 0
10. Vzpomenete si na jednoslovný n... Jugoslávie 1